[Event "Katowice POL-HUN 10th"]
[Site "Katowice"]
[Date "2023.09.10"]
[Round "9"]
[White "Wisniewski, Adrian"]
[Black "Namyslak, Piotr"]
[Result "0-1"]
[WhiteElo "2351"]
[BlackElo "1763"]
[PlyCount "160"]
[EventDate "2023.09.09"]
[EventType "swiss (rapid)"]
[EventRounds "9"]
[EventCountry "POL"]
[SourceTitle "EXT 2024"]
[Source "ChessBase"]
[SourceDate "2023.10.10"]
[SourceVersion "1"]
[SourceVersionDate "2023.10.10"]
[SourceQuality "1"]

1. Nf3 g6 2. g3 Bg7 3. Bg2 f5 4. d4 Nf6 5. 0-0 0-0 6. c4 d6 7. d5 a5 8. Nc3 Na6 9. Be3 Re8 10. Rc1 b6 11. Qd2 Rb8 12. Ng5 e5 13. dxe6 Bxe6 14. Nxe6 Rxe6 15. Nb5 Qf8 16. Nd4 Ree8 17. Nc6 Rbc8 18. a3 Nb8 19. Na7 Rcd8 20. b4 axb4 21. axb4 Ne4 22. Qd3 Qf7 23. b5 c5 24. Nc6 Nxc6 25. bxc6 d5 26. cxd5 Qxd5 27. Qb5 Rc8 28. Qxb6 Rxc6 29. Qb7 Rec8 30. Rfd1 Bd4 31. h4 R8c7 32. Qb8+ Rc8 33. Qb1 Qe5 34. Qa2+ Kg7 35. Bxd4 cxd4 36. Rxc6 Rxc6 37. Qa7+ Rc7 38. Qxd4 Qxd4 39. Rxd4 Rc1+ 40. Bf1 Nc3 41. Kg2 Kf6 42. e3 Rd1 43. Rc4 Ne4 44. Rc2 Rd2 45. Rxd2 Nxd2 46. Bd3 Nb3 47. Kf1 h6 48. Ke2 Nc5 49. Bc2 Nd7 50. Bd1 Ne5 51. Kd2 Nc6 52. Kc3 Ke5 53. Bf3 Nd8 54. Kc4 Nf7 55. Bg2 g5 56. f4+ Kf6 57. h5 Nd6+ 58. Kd5 Nb5 59. Bf3 g4 60. Bg2 Nc3+ 61. Kc4 Ne2 62. e4 fxe4 63. Bxe4 Nxg3 64. Bg6 Ne2 65. Be8 g3 66. Bc6 Nxf4 67. Kd4 g2 68. Bxg2 Nxg2 69. Ke4 Kg5 70. Kf3 Nf4 71. Kg3 Nxh5+ 72. Kh3 Nf4+ 73. Kg3 h5 74. Kh2 Kg4 75. Kg1 Kg3 76. Kh1 h4 77. Kg1 Nh3+ 78. Kh1 Nf2+ 79. Kg1 h3 80. Kf1 h2 0-1

[Event "Katowice POL-HUN 10th"]
[Site "Katowice"]
[Date "2023.09.09"]
[Round "5"]
[White "Wisniewski, Adrian"]
[Black "Sieciechowicz, Marcin"]
[Result "0-1"]
[WhiteElo "2351"]
[BlackElo "2398"]
[PlyCount "70"]
[EventDate "2023.09.09"]
[EventType "swiss (rapid)"]
[EventRounds "9"]
[EventCountry "POL"]
[SourceTitle "EXT 2024"]
[Source "ChessBase"]
[SourceDate "2023.10.10"]
[SourceVersion "1"]
[SourceVersionDate "2023.10.10"]
[SourceQuality "1"]

1. Nf3 Nf6 2. g3 g6 3. Bg2 Bg7 4. 0-0 0-0 5. c4 c6 6. Nc3 d5 7. cxd5 cxd5 8. d4 Ne4 9. Nxe4 dxe4 10. Ne5 Bf5 11. Be3 Nd7 12. Nxd7 Qxd7 13. Qb3 Rfd8 14. Rfd1 Rac8 15. d5 b6 16. Bd4 Qxd5 17. Bxg7 Qxb3 18. Rxd8+ Rxd8 19. axb3 Kxg7 20. h3 a5 21. g4 Be6 22. b4 axb4 23. Bxe4 Rd2 24. Kf1 Rxb2 25. Rb1 Rxb1+ 26. Bxb1 f5 27. f3 Kf6 28. Kf2 Ke5 29. Ke3 f4+ 30. Kd3 g5 31. e3 h6 32. Kd2 Bc4 33. e4 Kd4 34. Bc2 Ba2 35. e5 b3 0-1

[Event "EU-ch Rapid"]
[Site "Katowice"]
[Date "2021.12.19"]
[Round "9"]
[White "Jedrusik, Adam"]
[Black "Wisniewski, Adrian"]
[Result "1/2-1/2"]
[WhiteElo "1995"]
[BlackElo "2351"]
[PlyCount "96"]
[EventDate "2021.12.18"]
[EventType "swiss (rapid)"]
[EventRounds "11"]
[EventCountry "POL"]
[SourceTitle "CBM 205 Extra"]
[Source "ChessBase"]
[SourceDate "2022.01.31"]
[SourceVersion "1"]
[SourceVersionDate "2022.01.31"]
[SourceQuality "1"]

1. d4 Nf6 2. Bg5 Ne4 3. Bf4 d6 4. f3 Nf6 5. e4 g6 6. c4 Bg7 7. Nc3 0-0 8. Qd2 a6 9. Nge2 Nbd7 10. Bh6 c5 11. Bxg7 Kxg7 12. d5 b5 13. cxb5 Nb6 14. Nc1 axb5 15. Bxb5 Ba6 16. Bxa6 Rxa6 17. 0-0 Nfd7 18. b3 Qa8 19. N1e2 Kg8 20. f4 Nf6 21. Rfe1 Rc8 22. Rad1 Nfd7 23. Kh1 c4 24. b4 Na4 25. b5 Nxc3 26. Nxc3 Ra3 27. e5 Qa5 28. Rc1 Nc5 29. Rc2 Nd3 30. Re4 Nb4 31. Rb2 Nd3 32. Rc2 Rxc3 33. Rxc3 Nf2+ 34. Qxf2 Qxc3 35. exd6 exd6 36. h3 Qd3 37. Qd4 Qb1+ 38. Kh2 Qxb5 39. Qc3 Qxd5 40. Rd4 Qc5 41. a4 d5 42. f5 Re8 43. Rd1 Rd8 44. Rd4 Qd6+ 45. Kh1 Qe5 46. fxg6 hxg6 47. Rxc4 d4 48. Qd3 Qe1+ 1/2-1/2

[Event "EU-ch Rapid"]
[Site "Katowice"]
[Date "2021.12.18"]
[Round "2"]
[White "Wisniewski, Adrian"]
[Black "Deren, Marcin"]
[Result "1-0"]
[WhiteElo "2351"]
[BlackElo "1936"]
[PlyCount "71"]
[EventDate "2021.12.18"]
[EventType "swiss (rapid)"]
[EventRounds "11"]
[EventCountry "POL"]
[SourceTitle "CBM 205 Extra"]
[Source "ChessBase"]
[SourceDate "2022.01.31"]
[SourceVersion "1"]
[SourceVersionDate "2022.01.31"]
[SourceQuality "1"]

1. e4 c5 2. Nf3 d6 3. c3 Nf6 4. Bc4 e6 5. d3 Be7 6. Nbd2 0-0 7. 0-0 d5 8. Bb3 dxe4 9. dxe4 Qc7 10. Re1 Rd8 11. Qe2 b6 12. e5 Nd5 13. Nf1 Nd7 14. Ng3 Nf8 15. h4 h6 16. Bc2 Bb7 17. a3 c4 18. h5 b5 19. Nd4 a6 20. Qg4 Kh8 21. Bd2 Bc5 22. Rad1 Ne7 23. Bc1 Nc6 24. Nf3 Rxd1 25. Bxd1 Qb6 26. Be3 Rd8 27. Bc2 Bxe3 28. Rxe3 Ne7 29. Nd4 Nd5 30. Re1 Ne7 31. Ne4 Bxe4 32. Qxe4 Nd5 33. Qf3 Qa7 34. Nc6 Qd7 35. Nxd8 Qxd8 36. Qxf7 1-0

[Event "EU-ch Blitz"]
[Site "Katowice"]
[Date "2021.12.17"]
[Round "10"]
[White "Povilaitis, Tomas"]
[Black "Wisniewski, Adrian"]
[Result "1-0"]
[WhiteElo "2101"]
[BlackElo "2351"]
[PlyCount "85"]
[EventDate "2021.12.17"]
[EventType "swiss (blitz)"]
[EventRounds "22"]
[EventCountry "POL"]
[SourceTitle "CBM 205 Extra"]
[Source "ChessBase"]
[SourceDate "2022.01.31"]
[SourceVersion "1"]
[SourceVersionDate "2022.01.31"]
[SourceQuality "1"]

1. e4 d6 2. d4 Nf6 3. Nc3 c6 4. f4 b5 5. a3 a6 6. Nf3 g6 7. Bd3 Bg7 8. 0-0 Bg4 9. h3 Bxf3 10. Qxf3 Qb6 11. Be3 0-0 12. b4 Ne8 13. f5 Bxd4 14. Nd1 Bxe3+ 15. Nxe3 Nd7 16. Kh1 Ne5 17. Qg3 Nf6 18. fxg6 hxg6 19. Qg5 Nh7 20. Qh6 e6 21. Ng4 Nxg4 22. hxg4 Qd4 23. Rae1 Qg7 24. Qh2 Qe5 25. Qh6 Ng5 26. Re3 Ra7 27. Rf2 f6 28. Kg1 Rg7 29. Bf1 Rh7 30. Qxg6+ Kh8 31. Bd3 Qh2+ 32. Kf1 Qe5 33. Ke2 d5 34. exd5 Qxd5 35. Kd2 e5 36. Rxf6 Rxf6 37. Qxf6+ Rg7 38. Qf8+ Qg8 39. Qf5 Qd5 40. Rxe5 Qxg2+ 41. Kc3 Rf7 42. Re8+ Kg7 43. Qxg5# 1-0

[Event "EU-ch Blitz"]
[Site "Katowice"]
[Date "2021.12.17"]
[Round "1"]
[White "Wisniewski, Adrian"]
[Black "Tchorzewski, Kazimierz"]
[Result "1-0"]
[WhiteElo "2351"]
[BlackElo "1657"]
[PlyCount "83"]
[EventDate "2021.12.17"]
[EventType "swiss (blitz)"]
[EventRounds "22"]
[EventCountry "POL"]
[SourceTitle "CBM 205 Extra"]
[Source "ChessBase"]
[SourceDate "2022.01.31"]
[SourceVersion "1"]
[SourceVersionDate "2022.01.31"]
[SourceQuality "1"]

1. Nf3 Nf6 2. g3 d5 3. Bg2 c6 4. 0-0 Nbd7 5. b3 e5 6. d3 Bd6 7. Bb2 0-0 8. Nbd2 Re8 9. e4 d4 10. a4 a6 11. Nc4 Bc7 12. a5 h6 13. h3 c5 14. Bc1 Nb8 15. Bd2 Nc6 16. Nh4 Be6 17. Qe1 Qc8 18. Kh2 Nh7 19. f4 exf4 20. Bxf4 Bxf4 21. gxf4 Bxc4 22. bxc4 Qd8 23. Qg3 Ne7 24. e5 Qd7 25. Be4 g6 26. Rg1 Kh8 27. Bd5 Nf5 28. Nxf5 Qxf5 29. Bxb7 Rab8 30. Be4 Qe6 31. Rab1 g5 32. f5 Qc8 33. f6 Nf8 34. Rxb8 Qxb8 35. Qg4 Qxe5+ 36. Kh1 Ng6 37. Qh5 Kh7 38. Rf1 Re6 39. Qf3 Kg8 40. Bxg6 fxg6 41. f7+ Kf8 42. Qa8+ 1-0

[Event "Katowice POL-HUN 9th"]
[Site "Katowice"]
[Date "2021.07.03"]
[Round "1"]
[White "Wisniewski, Adrian"]
[Black "Hryciuk, Krzysztof"]
[Result "1-0"]
[WhiteElo "2351"]
[BlackElo "1446"]
[PlyCount "137"]
[EventDate "2021.07.03"]
[EventType "swiss (rapid)"]
[EventRounds "9"]
[EventCountry "POL"]
[SourceTitle "CBM 203 Extra"]
[Source "ChessBase"]
[SourceDate "2021.09.30"]
[SourceVersion "1"]
[SourceVersionDate "2021.09.30"]
[SourceQuality "1"]

1. Nf3 d5 2. g3 e6 3. Bg2 Nf6 4. d3 Be7 5. Nbd2 0-0 6. 0-0 c5 7. e4 Nc6 8. c3 dxe4 9. dxe4 b6 10. Re1 Bb7 11. Qc2 a5 12. Nf1 b5 13. Bf4 b4 14. Rad1 Qb6 15. Ne3 Rfd8 16. Nc4 Qb5 17. Bf1 a4 18. Nd6 Qb6 19. Nc4 Qa7 20. Bd6 a3 21. bxa3 bxa3 22. Bxe7 Nxe7 23. Nd6 Bc6 24. Ne5 Ba4 25. Qe2 Bxd1 26. Rxd1 Rf8 27. h4 Ng6 28. Nec4 h5 29. e5 Nd5 30. Rc1 f6 31. Qxh5 Nxe5 32. Nxe5 fxe5 33. Qxe5 Qe7 34. Ne4 Rf5 35. Qd6 Raf8 36. Qxe7 Nxe7 37. Rb1 Nc6 38. Rb3 Ne5 39. Rxa3 Ng4 40. Bc4 Kh8 41. f4 e5 42. Be6 exf4 43. Bxf5 Rxf5 44. gxf4 Rxf4 45. Nxc5 Ne5 46. Ra4 Nc4 47. h5 Rg4+ 48. Kf2 Ne5 49. Rxg4 Nxg4+ 50. Kg3 Ne5 51. a4 Nc4 52. Kf4 Kg8 53. Kg5 Kf7 54. Ne4 Na5 55. Nd6+ Ke6 56. Ne8 Kf7 57. Nd6+ Ke6 58. Nf5 Kf7 59. Ne3 Nc6 60. Nc4 Ke6 61. Kg6 Kd5 62. Nd2 Ne5+ 63. Kxg7 Ng4 64. Kg6 Kc5 65. Kg5 Ne5 66. Kf5 Nf7 67. Ke6 Nh6 68. Kd7 Kb6 69. Nb3 1-0

[Event "POL-chT 2nd League"]
[Site "Mrzezyno"]
[Date "2011.09.03"]
[Round "1"]
[White "Wisniewski, Adrian"]
[Black "Gomulka, Jaroslaw"]
[Result "1-0"]
[WhiteElo "2373"]
[BlackElo "2105"]
[PlyCount "115"]
[EventDate "2011.09.03"]
[EventType "team-swiss"]
[EventRounds "9"]
[EventCountry "POL"]
[SourceTitle "EXT 2015"]
[Source "ChessBase"]
[SourceDate "2014.11.20"]
[SourceVersion "1"]
[SourceVersionDate "2014.11.20"]
[SourceQuality "1"]
[WhiteTeam "Chroscice LZS Victoria"]
[BlackTeam "Wisznia Mala OKSiR"]
[WhiteTeamCountry "POL"]
[BlackTeamCountry "POL"]

1. e4 c5 2. Nf3 d6 3. Bc4 Nf6 4. c3 e6 5. Qe2 Be7 6. d4 d5 7. Bb5+ Bd7 8. e5 Bxb5 9. Qxb5+ Qd7 10. Qe2 Ne4 11. 0-0 Nc6 12. Be3 f5 13. exf6 gxf6 14. Nfd2 0-0-0 15. Nxe4 dxe4 16. dxc5 e5 17. Na3 f5 18. Rad1 Qe6 19. b4 Rhg8 20. Bc1 Qg6 21. Rxd8+ Rxd8 22. Nc4 f4 23. f3 e3 24. b5 Nb8 25. c6 bxc6 26. Nxe5 Qf6 27. Nxc6 Nxc6 28. bxc6 Qxc6 29. g3 Rg8 30. Kg2 Bh4 31. Qd3 Bxg3 32. Qxh7 Qe6 33. Bxe3 Qxa2+ 34. Kh1 Qxh2+ 35. Qxh2 Bxh2 36. Bxa7 Bg3 37. Bd4 Rg6 38. Kg2 Kd8 39. Ra1 Rh6 40. Ra7 Kc8 41. Ra8+ Kd7 42. Rh8 Rg6 43. Rh7+ Kc6 44. Rh5 Bh4+ 45. Kf1 Bd8 46. Ke2 Bc7 47. Kd3 Re6 48. Kc4 Re1 49. Rh6+ Kb7 50. Kb5 Rf1 51. Rh3 Re1 52. c4 Re6 53. c5 Rg6 54. Rh7 Rg5 55. Kc4 Kc6 56. Rh6+ Kb7 57. c6+ Ka6 58. Rh8 1-0

[Event "POL-chT 2nd League"]
[Site "Ustron"]
[Date "2008.09.14"]
[Round "8.7"]
[White "Wisniewski, Adrian"]
[Black "Hera, Imre Jr"]
[Result "1/2-1/2"]
[WhiteElo "2361"]
[BlackElo "2518"]
[PlyCount "37"]
[EventDate "2008.09.06"]
[EventType "team-swiss"]
[EventRounds "9"]
[EventCountry "POL"]
[SourceTitle "EXT 2015"]
[Source "ChessBase"]
[SourceDate "2014.11.20"]
[SourceVersion "1"]
[SourceVersionDate "2014.11.20"]
[SourceQuality "1"]
[WhiteTeam "Chroscice LZS Victoria"]
[BlackTeam "Grudziadz Rotmistrz MAT Premium"]
[WhiteTeamCountry "POL"]
[BlackTeamCountry "POL"]

1. Nf3 d5 2. g3 Nf6 3. Bg2 c6 4. b3 Bf5 5. Bb2 e6 6. d3 Be7 7. Nbd2 0-0 8. 0-0 h6 9. Ne5 Nbd7 10. e4 Bh7 11. Nxd7 Qxd7 12. Qe2 Rfd8 13. f4 dxe4 14. Nxe4 Bxe4 15. Bxe4 Bc5+ 16. Kg2 Bd4 17. c3 Nxe4 18. dxe4 Bf6 19. Rad1 1/2-1/2

[Event "POL-chT 1st League"]
[Site "Opole"]
[Date "2006.09.05"]
[Round "4"]
[White "Wisniewski, Adrian"]
[Black "Kaszowski, Dariusz"]
[Result "0-1"]
[WhiteElo "2369"]
[BlackElo "2299"]
[PlyCount "56"]
[EventDate "2006.09.01"]
[EventType "team-tourn"]
[EventRounds "9"]
[EventCountry "POL"]
[SourceTitle "CBM 114 Extra"]
[Source "ChessBase"]
[SourceDate "2006.11.03"]
[SourceVersion "1"]
[SourceVersionDate "2006.11.03"]
[SourceQuality "1"]
[WhiteTeam "Gliwice Politechnika Slaska"]
[BlackTeam "Poznan Lech"]
[WhiteTeamCountry "POL"]
[BlackTeamCountry "POL"]

1. d4 Nf6 2. Nf3 d5 3. c4 c6 4. Qc2 dxc4 5. Qxc4 Bf5 6. Nc3 e6 7. g3 Be7 8. Bg2 0-0 9. 0-0 Nbd7 10. Rd1 Bc2 11. a4 Nb6 12. Qa2 Bxd1 13. Nxd1 c5 14. a5 Nbd5 15. dxc5 Bxc5 16. Qb1 Rc8 17. Bd2 Bb4 18. Bxb4 Nxb4 19. Nc3 Qe7 20. e4 e5 21. Ra4 Nc6 22. h4 Qc5 23. Nd5 Nxd5 24. exd5 Nd4 25. Nxe5 Ne2+ 26. Kh2 Qxf2 27. Qd3 Rc1 28. Kh3 h6 0-1

[Event "POL-chT 1st League"]
[Site "Opole"]
[Date "2006.09.04"]
[Round "3"]
[White "Szwed, Jacek"]
[Black "Wisniewski, Adrian"]
[Result "1/2-1/2"]
[WhiteElo "2323"]
[BlackElo "2369"]
[PlyCount "110"]
[EventDate "2006.09.01"]
[EventType "team-tourn"]
[EventRounds "9"]
[EventCountry "POL"]
[SourceTitle "CBM 114 Extra"]
[Source "ChessBase"]
[SourceDate "2006.11.03"]
[SourceVersion "1"]
[SourceVersionDate "2006.11.03"]
[SourceQuality "1"]
[WhiteTeam "Rybnik Preferow MKSz"]
[BlackTeam "Gliwice Politechnika Slaska"]
[WhiteTeamCountry "POL"]
[BlackTeamCountry "POL"]

1. d4 Nf6 2. c4 g6 3. Nc3 Bg7 4. e4 d6 5. f3 0-0 6. Nge2 c5 7. d5 Qa5 8. Bd2 a6 9. a4 Qc7 10. Nc1 e6 11. Be2 exd5 12. cxd5 Nbd7 13. 0-0 Re8 14. Qc2 Rb8 15. Rb1 c4 16. b3 Ne5 17. Kh1 b5 18. axb5 axb5 19. bxc4 bxc4 20. Rxb8 Qxb8 21. f4 Ned7 22. Bxc4 Nc5 23. Bb5 Re7 24. e5 dxe5 25. fxe5 Ng4 26. d6 Rb7 27. Nd3 Nxd3 28. Qxd3 Nxe5 29. Qd5 Be6 30. Qc5 Ng4 31. Bc6 Rb4 32. Nd5 Rb1 33. Rxb1 Qxb1+ 34. Qc1 Qb8 35. Ne3 Ne5 36. Bd5 Qxd6 37. Bxe6 Qxe6 38. h3 h5 39. Qc2 Kh7 40. Qe4 Qb3 41. Kh2 Qe6 42. Qd5 Qb6 43. Kh1 f5 44. Nf1 Qf2 45. Nh2 f4 46. Bb4 Qc2 47. Qd2 Qe4 48. Qe1 Qf5 49. Qe2 f3 50. gxf3 Qxh3 51. Bd6 Qf5 52. Qe4 Qxe4 53. fxe4 g5 54. Bxe5 Bxe5 55. Nf3 Bf4 1/2-1/2

[Event "POL-chT 1st League"]
[Site "Opole"]
[Date "2006.09.03"]
[Round "2"]
[White "Dudzinski, Piotr"]
[Black "Wisniewski, Adrian"]
[Result "0-1"]
[WhiteElo "2254"]
[BlackElo "2369"]
[PlyCount "74"]
[EventDate "2006.09.01"]
[EventType "team-tourn"]
[EventRounds "9"]
[EventCountry "POL"]
[SourceTitle "CBM 114 Extra"]
[Source "ChessBase"]
[SourceDate "2006.11.03"]
[SourceVersion "1"]
[SourceVersionDate "2006.11.03"]
[SourceQuality "1"]
[WhiteTeam "Ostrow Wielkopolski"]
[BlackTeam "Gliwice Politechnika Slaska"]
[WhiteTeamCountry "POL"]
[BlackTeamCountry "POL"]

1. e4 e6 2. d4 d5 3. e5 c5 4. c3 Nc6 5. Nf3 Bd7 6. a3 f6 7. exf6 Nxf6 8. Bd3 Qc7 9. b4 c4 10. Bc2 Bd6 11. Bg5 0-0-0 12. 0-0 Rdf8 13. Bh4 Ng4 14. Bg3 h5 15. Bxd6 Qxd6 16. Nbd2 e5 17. b5 e4 18. bxc6 exf3 19. cxd7+ Kd8 20. g3 h4 21. Nxf3 hxg3 22. fxg3 Nxh2 23. Ne5 Nxf1 24. Qxf1 Rxf1+ 25. Rxf1 Kc7 26. Rf7 Qxa3 27. Bf5 Qc1+ 28. Kg2 Qd2+ 29. Kg1 Rd8 30. Ng6 Qxc3 31. Nf8 Qxg3+ 32. Kf1 Kb6 33. Ne6 Rxd7 34. Rxd7 Qf3+ 35. Ke1 Qxf5 36. Nc5 Qb1+ 37. Ke2 Qc2+ 0-1

[Event "POL-chT 1st League"]
[Site "Jarnoltowek"]
[Date "2005.09.05"]
[Round "3.19"]
[White "Sopur, Lech"]
[Black "Wisniewski, Adrian"]
[Result "1-0"]
[WhiteElo "2395"]
[BlackElo "2371"]
[PlyCount "77"]
[EventDate "2005.09.03"]
[EventType "team-tourn"]
[EventRounds "9"]
[EventCountry "POL"]
[SourceTitle "EXT 2019"]
[Source "ChessBase"]
[SourceDate "2018.10.10"]
[SourceVersion "1"]
[SourceVersionDate "2018.10.10"]
[SourceQuality "1"]
[WhiteTeam "Lodz AZS Politechnika"]
[BlackTeam "Gliwice Politechnika Slaska"]
[WhiteTeamCountry "POL"]
[BlackTeamCountry "POL"]

1. d4 Nf6 2. c4 g6 3. Nc3 Bg7 4. Bf4 d6 5. e3 Nh5 6. Bg5 h6 7. Bh4 c5 8. d5 Qa5 9. Rc1 Bd7 10. Bd3 Na6 11. Nf3 g5 12. Nd2 Nf6 13. Bg3 Nc7 14. e4 Ng4 15. 0-0 Ne5 16. Be2 b5 17. cxb5 Nxb5 18. Bxe5 Bxe5 19. Nc4 Nxc3 20. Rxc3 Bxc3 21. Nxa5 Bxa5 22. f4 Rb8 23. Qc1 Rb4 24. fxg5 Rxe4 25. Bf3 Re5 26. gxh6 Bb5 27. Rd1 c4 28. Kh1 Kf8 29. Qf4 Bb6 30. Be4 f6 31. h7 Kg7 32. Rf1 c3 33. Rf3 cxb2 34. Rg3+ Kf8 35. Rg8+ Rxg8 36. Qh6+ Kf7 37. hxg8Q+ Kxg8 38. Bh7+ Kh8 39. Bg6+ 1-0

[Event "POL-chT 60th 1st League"]
[Site "Ustron"]
[Date "2004.09.09"]
[Round "6"]
[White "Matlak, Marek"]
[Black "Wisniewski, Adrian"]
[Result "1-0"]
[WhiteElo "2492"]
[BlackElo "2367"]
[PlyCount "79"]
[EventDate "2004.09.04"]
[EventType "team-tourn"]
[EventRounds "9"]
[EventCountry "POL"]
[SourceTitle "EXT 2007"]
[Source "ChessBase"]
[SourceDate "2006.11.23"]
[SourceVersion "1"]
[SourceVersionDate "2006.11.23"]
[SourceQuality "1"]
[WhiteTeam "Jaworzno JKSz MCKiS"]
[BlackTeam "Gliwice Politechnika Slaska"]
[WhiteTeamCountry "POL"]
[BlackTeamCountry "POL"]

1. d4 e6 2. Nf3 c5 3. c4 cxd4 4. Nxd4 Nf6 5. Nc3 b6 6. e4 Bb7 7. f3 d6 8. Be2 Be7 9. Qa4+ Nfd7 10. 0-0 0-0 11. Be3 a6 12. Qc2 Qc7 13. Rac1 Nf6 14. Rfd1 Nbd7 15. Bf1 Rac8 16. Qf2 Qb8 17. Kh1 Bd8 18. b3 Bc7 19. Nde2 Kh8 20. Ng3 Rg8 21. Bd4 Bc6 22. Rc2 Ne5 23. Rdc1 g5 24. Qd2 Rg6 25. Nd5 Bd8 26. Nxf6 Bxf6 27. Nh5 Be7 28. Qb4 Re8 29. Qxb6 Qxb6 30. Bxb6 g4 31. Bd4 gxf3 32. gxf3 Rh6 33. c5 f6 34. cxd6 Nxf3 35. Rxc6 Rxh5 36. Bg1 Nxg1 37. Rc8 Bd8 38. d7 Rg8 39. Rxd8 Rxd8 40. Rc8 1-0

[Event "POL-chT 60th 1st League"]
[Site "Ustron"]
[Date "2004.09.06"]
[Round "3"]
[White "Wisniewski, Adrian"]
[Black "Kaszowski, Dariusz"]
[Result "1-0"]
[WhiteElo "2367"]
[BlackElo "2283"]
[PlyCount "57"]
[EventDate "2004.09.04"]
[EventType "team-tourn"]
[EventRounds "9"]
[EventCountry "POL"]
[SourceTitle "EXT 2007"]
[Source "ChessBase"]
[SourceDate "2006.11.23"]
[SourceVersion "1"]
[SourceVersionDate "2006.11.23"]
[SourceQuality "1"]
[WhiteTeam "Gliwice Politechnika Slaska"]
[BlackTeam "Poznan Lech"]
[WhiteTeamCountry "POL"]
[BlackTeamCountry "POL"]

1. Nf3 Nf6 2. g3 d5 3. Bg2 c6 4. 0-0 Bg4 5. d3 Nbd7 6. h3 Bxf3 7. Bxf3 e6 8. e4 dxe4 9. dxe4 Bc5 10. Qe2 Qc7 11. Kh2 h5 12. h4 Ne5 13. Kg2 Nxf3 14. Qxf3 Ng4 15. Nd2 f6 16. Qe2 0-0-0 17. Nc4 b5 18. Nd2 g5 19. Nf3 gxh4 20. Nxh4 Rhg8 21. Bf4 Qh7 22. Rae1 Bxf2 23. Rxf2 Nxf2 24. Qxf2 Rg4 25. Kh2 e5 26. Be3 Rxe4 27. Qxf6 Kc7 28. Qf3 Rg4 29. Re2 1-0

[Event "POL-chT 60th 1st League"]
[Site "Ustron"]
[Date "2004.09.05"]
[Round "2"]
[White "Czerwonski, Aleksander"]
[Black "Wisniewski, Adrian"]
[Result "1/2-1/2"]
[WhiteElo "2382"]
[BlackElo "2367"]
[PlyCount "114"]
[EventDate "2004.09.04"]
[EventType "team-tourn"]
[EventRounds "9"]
[EventCountry "POL"]
[SourceTitle "EXT 2007"]
[Source "ChessBase"]
[SourceDate "2006.11.23"]
[SourceVersion "1"]
[SourceVersionDate "2006.11.23"]
[SourceQuality "1"]
[WhiteTeam "Gorzow Wielkopolski Stilon"]
[BlackTeam "Gliwice Politechnika Slaska"]
[WhiteTeamCountry "POL"]
[BlackTeamCountry "POL"]

1. d4 Nf6 2. c4 g6 3. Nc3 Bg7 4. e4 d6 5. f3 0-0 6. Be3 a6 7. Qd2 Nbd7 8. Nge2 c5 9. Bh6 Bxh6 10. Qxh6 b5 11. h4 b4 12. Nd5 e6 13. Nxf6+ Qxf6 14. 0-0-0 e5 15. dxc5 dxc5 16. h5 g5 17. Qxf6 Nxf6 18. Kc2 Be6 19. Nc1 Rfd8 20. Rxd8+ Rxd8 21. Nb3 Nd7 22. Be2 Kf8 23. Rd1 Ke7 24. Na5 Rc8 25. a3 bxa3 26. bxa3 g4 27. Rb1 gxf3 28. Bxf3 Kf6 29. Kd2 Rc7 30. Ke3 Kg5 31. Rd1 Nb6 32. Be2 Rd7 33. Rb1 Na4 34. Rb8 Nc3 35. Rg8+ Kh6 36. Bf3 Nd1+ 37. Ke2 Nb2 38. Rc8 Nd3 39. Rc6 Kg5 40. Ke3 Kh4 41. Nb3 Rb7 42. Nxc5 Nxc5 43. Rxc5 Rb3+ 44. Kf2 Rb2+ 45. Ke3 Rb3+ 46. Kf2 Rb2+ 47. Ke1 Kg3 48. Rxe5 Bxc4 49. Rc5 Be6 50. Rc3 Kf4 51. Kd1 h6 52. Kc1 Ra2 53. Kb1 a5 54. e5 Rd2 55. Kc1 Rd4 56. Kb2 Rd2+ 57. Kc1 Rd4 1/2-1/2

[Event "Pobeskydy Alpress 15th"]
[Site "Frydek Mistek"]
[Date "2004.04.09"]
[Round "3"]
[White "Wisniewski, Adrian"]
[Black "Beil, Martin"]
[Result "1-0"]
[WhiteElo "2371"]
[BlackElo "2176"]
[PlyCount "67"]
[EventDate "2004.04.08"]
[EventType "swiss"]
[EventRounds "9"]
[EventCountry "CZE"]
[SourceTitle "EXT 2006"]
[Source "ChessBase"]
[SourceDate "2005.11.24"]
[SourceVersion "1"]
[SourceVersionDate "2005.11.24"]
[SourceQuality "1"]

1. e4 c5 2. c3 Nf6 3. e5 Nd5 4. d4 cxd4 5. cxd4 e6 6. Nf3 d6 7. Bd3 Nc6 8. 0-0 dxe5 9. dxe5 Be7 10. a3 Bd7 11. Qe2 0-0 12. Qe4 g6 13. Bh6 Re8 14. Nbd2 Bf8 15. Bxf8 Rxf8 16. Bc4 Nce7 17. Qg4 Bc6 18. Ne4 Qb6 19. b4 a6 20. Rfd1 Bb5 21. Bxd5 Nxd5 22. Qh4 h5 23. Qg5 Kg7 24. Nh4 Rad8 25. Nd6 Rd7 26. Rxd5 exd5 27. Ndf5+ Kg8 28. Qh6 f6 29. Qxg6+ Kh8 30. Qh6+ Kg8 31. Ng6 Rfd8 32. Qh8+ Kf7 33. Qg7+ Ke6 34. Qxf6# 1-0

[Event "Pobeskydy Alpress 15th"]
[Site "Frydek Mistek"]
[Date "2004.04.08"]
[Round "2"]
[White "Slovak, Petr"]
[Black "Wisniewski, Adrian"]
[Result "0-1"]
[WhiteElo "2141"]
[BlackElo "2371"]
[PlyCount "30"]
[EventDate "2004.04.08"]
[EventType "swiss"]
[EventRounds "9"]
[EventCountry "CZE"]
[SourceTitle "EXT 2006"]
[Source "ChessBase"]
[SourceDate "2005.11.24"]
[SourceVersion "1"]
[SourceVersionDate "2005.11.24"]
[SourceQuality "1"]

1. d4 Nf6 2. c4 g6 3. Nc3 Bg7 4. e4 d6 5. f4 0-0 6. Nf3 c5 7. dxc5 Qa5 8. Bd3 Qxc5 9. Qe2 Nc6 10. Be3 Qa5 11. 0-0 Ng4 12. Bd2 Nb4 13. Bb1 Be6 14. h3 Qc5+ 15. Kh1 Bxc4 0-1

[Event "POL-chT 2nd League"]
[Site "Wysowa"]
[Date "2003.09.11"]
[Round "8"]
[White "Wisniewski, Adrian"]
[Black "Panczyk, Krzysztof"]
[Result "1-0"]
[WhiteElo "2327"]
[BlackElo "2345"]
[PlyCount "136"]
[EventDate "2003.09.06"]
[EventType "team-swiss"]
[EventRounds "11"]
[EventCountry "POL"]
[SourceTitle "CBM 096 Extra"]
[Source "ChessBase"]
[SourceDate "2003.10.22"]
[SourceVersion "2"]
[SourceVersionDate "2003.10.20"]
[SourceQuality "1"]
[WhiteTeam "Gliwice Politechnika Slaska"]
[BlackTeam "Milanowek UKS Jedwabnik"]
[WhiteTeamCountry "POL"]
[BlackTeamCountry "POL"]

1. e4 e5 2. Nf3 Nc6 3. Bc4 Nf6 4. d3 Bc5 5. c3 0-0 6. Bb3 d5 7. exd5 Nxd5 8. h3 h6 9. 0-0 Be6 10. Re1 Bb6 11. Bc2 Qf6 12. Nbd2 Bxh3 13. gxh3 Nf4 14. Kh2 Qf5 15. Ng1 Bxf2 16. Ndf3 Bxe1 17. Nxe1 Nd5 18. Qf3 Qxf3 19. Nexf3 Rad8 20. Bd2 Rfe8 21. Re1 f5 22. Bc1 Nf6 23. Nh4 f4 24. Ngf3 Kh7 25. d4+ e4 26. Nd2 g5 27. Nxe4 Nxe4 28. Rxe4 Rxe4 29. Bxe4+ Kh8 30. Nf3 Re8 31. Bd3 Kg7 32. Kg2 Kf6 33. Kf2 h5 34. Ng1 Nd8 35. h4 gxh4 36. Bxf4 Ne6 37. Bh2 Kg5 38. Nf3+ Kg4 39. Ne5+ Kg5 40. Nf3+ Kg4 41. Be2 Nf4 42. Ne5+ Kf5 43. Bd1 Nh3+ 44. Kg2 Nf4+ 45. Kf3 Ne6 46. Bc2+ Kg5 47. Bg6 Rf8+ 48. Bf7 Kf6 49. Bxh5 Ke7+ 50. Ke3 Rf1 51. Ng6+ Kf6 52. Nxh4 Rb1 53. Be2 Rxb2 54. d5 Nc5 55. Bxc7 Rxa2 56. Nf3 Ke7 57. d6+ Kf6 58. Bc4 Rc2 59. Bd8+ Kg7 60. Kd4 b6 61. Bg5 Rf2 62. Bd5 Rxf3 63. Bxf3 Ne6+ 64. Kd5 Nxg5 65. Bg4 Kf6 66. Kc6 Nf7 67. Kc7 b5 68. Bh5 Ne5 1-0